Bir yalnızlık masalı (Record no. 4140)

MARC details
000 -BAŞLIK
Sabit Uzunlukta Kontrol Alanı 00654na a2200253 4500
001 - KONTROL NUMARASI
Denetim Alanı 16283
003 - KONTROL NUMARASI IDENTIFIER
Denetim Alanı MIRAKIL
005 - SON İŞLEM TARİHİ VE ZAMANI
Denetim Alanı 20181213154954.0
008 - SABİT-BOY VERİ ELEMANLARI - GENEL BİLGİLER
Sabit Uzunlukta Kontrol Alanı 161003b tu 000 0
020 ## - ULUSLARARASI STANDART KİTAP NUMARASI
Uluslararası Standart Kitap Numarası 9755092579
035 ## - SİSTEM KONTROL NUMARASI
Sistem Kontrol Numarası 16283
040 ## - KATALOGLAMA KAYNAK
Orijinal Kataloglama Ajansı Milas
Kataloglama Dili tur
Metne Dönüştürmek Ajansı TR-AnCHP
041 ## - DİL KODU
Metin / Ses Parça Veya Ayrı Başlığın Dil Kodu tur
082 ## - DEWEY ONLU SINIFLANDIRMA NUMARASI
Sınıflandırma Numarası 813.42
Ürün Numarası Ü58b 2000
090 ## - SINIFLAMA NUMARASI
Sınıflama Numarası 813.42 Ü58b 2000
100 ## - ANA GİRİŞ - KİŞİSEL İSİM
Kişisel Ad Ünver, M. Naci
245 ## - BAŞLIK TABLOSU
Başlık Bir yalnızlık masalı
Sorumluluk Tablosu, Vb Mehmet Naci Ünver
260 ## - YAYIN, DAĞITIM, VB
Yayın, Dağıtım, Vb Yeri Ankara
Yayıncı, Dağıtıcı, Vs Adı Arkadaş
Yayın, Dağıtım, Vb Tarihi 2000
300 ## - FİZİKSEL TANIM
Kapsam 214 s.
Boyutlar 20 sm.
500 ## - GENEL NOT
Genel Not Yapıt yazarından imzalıdır.
650 ## - KONU KATMA GİRİŞ - TOPİKAL DÖNEM
Topikal Süreli Veya Coğrafi Ad Giriş Elemanı Türk edebiyatı
Genel Alt Bölümü Roman
650 ## - KONU KATMA GİRİŞ - TOPİKAL DÖNEM
Topikal Süreli Veya Coğrafi Ad Giriş Elemanı Türkçe roman
942 ## - EKLENDİ GİRİŞ ELEMANLARI (KOHA)
Sınıflandırma Veya Raf Düzeni Kaynak Dewey Decimal Classification
Koha Öğesi Türü Books
999 ## - SİSTEM KONTROL NUMARALARI (KOHA)
Koha Biblionumber 4140
Koha Biblioitemnumber 4140
Holdings
Kalıcı Konum Mevcut Konum Edinme Tarihi Edinim Kaynak Toplam Check-Out'Lar Tam Çağrı Numarası Barkod Tarih Son Görülme İtibaren Geçerli Fiyatlar Koha Öğesi Türü
CHP Kütüphanesi CHP Kütüphanesi 10/02/2016 Bağış   813.42 Ü58b 2000 004475 10/02/2016 10/02/2016 Books